Statistics for Same Letter Country and Capital

Click here to take the quiz!

General Stats

  • This quiz has been taken 74,743 times
    (51,201 since last reset)
  • The average score is 15 of 29

Answer Stats

LetterCountry / Capital% Correct
VVatican City / Vatican City
80%
MMexico / Mexico City
77%
BBrazil / Brasilia
75%
AAndorra / Andorra la Vella
73%
LLuxembourg / Luxembourg
68%
MMonaco / Monaco
68%
AAlgeria / Algiers
64%
BBelgium / Brussels
64%
PPanama / Panama City
63%
SSan Marino / San Marino
63%
SSweden / Stockholm
61%
GGuatemala / Guatemala City
60%
DDjibouti / Djibouti
58%
KKuwait / Kuwait City
54%
SSingapore / Singapore
54%
TTunisia / Tunis
53%
SSouth Korea / Seoul
49%
BBelize / Belmopan
43%
BBrunei / Bandar Seri Begawan
41%
NNiger / Niamey
39%
TTaiwan / Taipei
38%
GGuyana / Georgetown
36%
BBarbados / Bridgetown
34%
MMaldives / Malé
34%
MMozambique / Maputo
31%
SSri Lanka / Sri Jayawardenepura Kotte
31%
SSão Tomé and Príncipe / São Tomé
29%
PPapua New Guinea / Port Moresby
26%
MMarshall Islands / Majuro
17%

Score Distribution

Percentile by Number Answered

Percent of People with Each Score

Your Score History

You have not taken this quiz since the last reset